UBT Library

The ultimate small business marketing toolkit : (Record no. 452)

000 -LEADER
fixed length control field 00600nam a22002057a 4500
005 - DATE AND TIME OF LATEST TRANSACTION
control field 20140517125437.0
008 - FIXED-LENGTH DATA ELEMENTS--GENERAL INFORMATION
fixed length control field 070810s2007 nyua 001 0 eng
020 ## - INTERNATIONAL STANDARD BOOK NUMBER
International Standard Book Number 9780071477185
024 #0 - OTHER STANDARD IDENTIFIER
Terms of availability eng
080 ## - UNIVERSAL DECIMAL CLASSIFICATION NUMBER
Universal Decimal Classification number 339.138
100 1# - Rafti
Rafti Goldstein, Beth.
245 14 - TITLE STATEMENT
Title The ultimate small business marketing toolkit :
Statement of responsibility, etc Beth Goldstein.
250 ## -
-- 1st.ed.;
260 ## -
-- New York :
-- McGraw-Hill,
-- 2007.
300 ## -
-- 322 f. :
-- ill. ;
-- 23 cm.
500 ## -
-- Includes index.
650 #0 -
-- Marketing
650 #0 -
-- Menaxhimi
942 ## - ADDED ENTRY ELEMENTS (KOHA)
Source of classification or shelving scheme
Item type Books
Holdings
Withdrawn status Lost status Source of classification or shelving scheme Damaged status Not for loan Collection code Permanent location Current location Shelving location Date acquired Total Checkouts Full call number Barcode Date last seen Koha item type Price effective from
          Koleksioni i përgjithshem UBT - Ferizaj UBT - Ferizaj Koleksioni i përgjithshem 05/17/2014   339.138 GOL 003000431 05/17/2014 Books  
          Koleksioni i përgjithshem UBT - Ferizaj UBT - Ferizaj Koleksioni i përgjithshem 05/17/2014   339.138 GOL 003000432 05/17/2014 Books  
          Koleksioni i përgjithshem UBT - Ferizaj UBT - Ferizaj Koleksioni i përgjithshem 05/17/2014   339.138 GOL 003000433 05/17/2014 Books  
          Koleksioni i përgjithshem UBT - Ferizaj UBT - Ferizaj Koleksioni i përgjithshem 05/17/2014   339.138 GOL 003000434 05/17/2014 Books  
          Koleksioni i përgjithshem UBT - Ferizaj UBT - Ferizaj Koleksioni i përgjithshem 05/17/2014   339.138 GOL 003000435 05/17/2014 Books  
          Koleksioni i përgjithshem UBT - Ferizaj UBT - Ferizaj Koleksioni i përgjithshem 05/17/2014   339.138 GOL 003000436 05/17/2014 Books  
          Koleksioni i përgjithshem UBT - Ferizaj UBT - Ferizaj Koleksioni i përgjithshem 05/17/2014   339.138 GOL 003000437 05/17/2014 Books  
          Koleksioni i përgjithshem UBT - Ferizaj UBT - Ferizaj Koleksioni i përgjithshem 05/17/2014   339.138 GOL 003000438 05/17/2014 Books  
          Koleksioni i përgjithshem UBT - Ferizaj UBT - Ferizaj Koleksioni i përgjithshem 05/17/2014   339.138 GOL 003000439 05/17/2014 Books  
          Koleksioni i përgjithshem UBT - Ferizaj UBT - Ferizaj Koleksioni i përgjithshem 05/17/2014   339.138 GOL 003000440 05/17/2014 Books  
          Koleksioni i përgjithshem UBT - Lipjan UBT - Lipjan Koleksioni i lëndeve mesimore 10/31/2017   33 BET 002-2935453 10/31/2017 Books 10/31/2017
          Koleksioni i përgjithshem UBT - Lipjan UBT - Lipjan Koleksioni i lëndeve mesimore 10/31/2017   33 BET 002-2935448 10/31/2017 Books 10/31/2017
          Koleksioni i përgjithshem UBT - Lipjan UBT - Lipjan Koleksioni i lëndeve mesimore 10/31/2017   33 BET 002-2935443` 10/31/2017 Books 10/31/2017
UBT Library © 2015-2024. All rights reserved University Education for Business and Technology